ARRUPE JESUIT UNIVERSITY

CORONAVIRUS -STOP THE SPREAD - CLEAN,DISINFECT,COVER

Hartshorne and neoclassical metaphysics; (Record no. 124648)

MARC details
000 -LEADER
fixed length control field 00802cam a2200253 4500
001 - CONTROL NUMBER
control field 2250733
003 - CONTROL NUMBER IDENTIFIER
control field ARRUPE
005 - DATE AND TIME OF LATEST TRANSACTION
control field 20160415123519.0
008 - FIXED-LENGTH DATA ELEMENTS--GENERAL INFORMATION
fixed length control field 701120s1970 nbu b 001 0 eng
010 ## - LIBRARY OF CONGRESS CONTROL NUMBER
LC control number 77116531
020 ## - INTERNATIONAL STANDARD BOOK NUMBER
International Standard Book Number 0803207662
040 ## - CATALOGING SOURCE
Original cataloging agency DLC
Transcribing agency DLC
Modifying agency DLC
050 00 - LIBRARY OF CONGRESS CALL NUMBER
Classification number B945.H354
Item number P4
082 00 - DEWEY DECIMAL CLASSIFICATION NUMBER
Classification number 191
300 ## - PHYSICAL DESCRIPTION
Dimensions 21 cm.
100 1# - MAIN ENTRY--PERSONAL NAME
Personal name Peters, Eugene H.
Fuller form of name (Eugene Herbert),
Dates associated with a name 1929-1983.
9 (RLIN) 23931
245 10 - TITLE STATEMENT
Title Hartshorne and neoclassical metaphysics;
Remainder of title an interpretation
Statement of responsibility, etc [by] Eugene H. Peters.
260 ## - PUBLICATION, DISTRIBUTION, ETC. (IMPRINT)
Place of publication, distribution, etc Lincoln,
Name of publisher, distributor, etc University of Nebraska Press
Date of publication, distribution, etc [1970]
300 ## - PHYSICAL DESCRIPTION
Extent x, 141 p.
350 ## - PRICE (NR) (BK AM CF MU VM SE) [OBSOLETE]
Price $5.00
504 ## - BIBLIOGRAPHY, ETC. NOTE
Bibliography, etc Includes bibliographical references.
600 10 - SUBJECT ADDED ENTRY--PERSONAL NAME
Personal name Hartshorne, Charles,
Dates associated with a name 1897-2000.
9 (RLIN) 12828
906 ## - LOCAL DATA ELEMENT F, LDF (RLIN)
a 7
b cbc
c orignew
d 2
e ncip
f 19
g y-gencatlg
942 ## - ADDED ENTRY ELEMENTS (KOHA)
Source of classification or shelving scheme Library of Congress Classification
Koha item type Monograph ( Printed materials)
Holdings
Withdrawn status Lost status Source of classification or shelving scheme Damaged status Not for loan Collection code Home library Current library Shelving location Date acquired Total Checkouts Full call number Barcode Date last seen Price effective from Koha item type
    Library of Congress Classification     Main Collection ARRUPE LIBRARY ARRUPE LIBRARY Main Collection 15/04/2016   B945.H354P4 46500006912 15/04/2016 15/04/2016 Monograph ( Printed materials)

 

Arrupe Library. PO Box MP320 Mt Pleasant, Harare, Zimbabwe
263 242 745411|librarian@aju.ac.zw